000 00423nam a2200145 i 4500
001 146360
003 ES-MaACL
007 t|
008 070907s1983 xxu ||||1| spa d
100 1 _aTorres Rosado, Félix Juan.
_9111013
245 1 0 _aEn tinte de Rosicler
_b: versos /
_cFélix Juan Torres Rosado.
260 _aFlorida :
_bYaurel,
_c1983.
300 _a98 p., 3 h. ;
_c21 cm.
852 _aES-MaACL
_jL-7835
_bR.106202
999 _c146360
_d146360